000 00324nam a2200097Ia 4500
082 _a362.196|MEN
245 0 _aMental health care in Africa : a practical, evidence-based approach
100 _a Pienaar, Abel Jacobus Hatfield [South Africa], c.2013
_969301
942 _cBK
008 210817s9999 xx 000 0 und d
999 _c223907
_d223907